Final Fantasy Logo Quiz Stats

 Plays Quiz Updated Oct 19, 2016

Also try: Moogle or Chocobo?
Challenge
Share
Tweet
Score 0/13 Timer 02:00
3 Plays Today
Logo Game % Correct
Final Fantasy VII
97.1%
Final Fantasy VIII
94.9%
Final Fantasy X
93.1%
Final Fantasy II
92.9%
Final Fantasy IV
90.8%
Final Fantasy V
90.8%
Final Fantasy IX
89.9%
Final Fantasy VI
89.8%
Final Fantasy XII
88.6%
Final Fantasy XIII
87.3%
Final Fantasy III
87.1%
Final Fantasy
80.9%
Final Fantasy X-2
62.7%

You're not logged in!

Compare scores with friends on all Sporcle quizzes.
Join for Free
OR
Log In

You Might Also Like...

Show Comments

Extras

Top Quizzes Today


Score Distribution

Your Account Isn't Verified!

In order to create a playlist on Sporcle, you need to verify the email address you used during registration. Go to your Sporcle Settings to finish the process.

Report this User

Report this user for behavior that violates our Community Guidelines.

Details: